000 00881nam a2200241 a 4500
001 000022891
005 20200930021848.0
008 100917s1972 sp 000 0bspa d
040 _aDO-SdBNP
_bspa
_cBNPHU
082 _a921.343
_bS373V
100 1 _aManlio Rossi, Mario
_945865
245 1 0 _aQué ha dicho verdaderamente Schopenhauer /
_cIcilio Vecchiotti ; traducción Javier Abásolo.
260 _aMadrid :
_bDoncel,
_c1972.
300 _a166 p. ;
_c18 cm.
490 1 _aQué ha dicho verdaderamente ;
_v17
500 _aIncluye referencia biográfica del autor en la contracubierta.
500 _aIncluye bibliografía p. [120-160].
534 _aTítulo original :
_tIntroduzione a Schopenhauer
600 1 0 _aSCHOPENHAUER, ARTHUR,
_d1788-1860
_947050
700 1 _aAbásolo, Javier,
_etr.
_947051
830 0 _aQué ha dicho verdaderamente ;
_n17
_947052
049 _aBNGR
999 _c22388
_d22388